Sales Promotion of Slovak Food on the Slovak Market

Rôzne formy podpory predaja slovenských potravín na domácom trhu. Príklady činností na podporu predaja, ktoré vykonáva Ministerstvo poľnohospodárstva a rozvoja vidieka SR, občianske združenie, miestne akčné skupiny, Centrum environmentálnych aktivít a maloobchodné reťazce. "Značka kvality SK" ako na...

Ausführliche Beschreibung

Gespeichert in:
Bibliographische Detailangaben
1. Verfasser: Jarossová, Malgorzata Agnieszka, 1978-
Format: Buchkapitel
Sprache:Englisch
Schlagworte:
Tags: Tag hinzufügen
Keine Tags, Fügen Sie das erste Tag hinzu!

MARC

LEADER 00000naa$a2200000$$$4500
001 0250267
005 20240502083714.6
041 0 |a eng 
044 |a PL 
245 1 0 |a Sales Promotion of Slovak Food on the Slovak Market  |c Malgorzata A. Jarossová 
520 |a Rôzne formy podpory predaja slovenských potravín na domácom trhu. Príklady činností na podporu predaja, ktoré vykonáva Ministerstvo poľnohospodárstva a rozvoja vidieka SR, občianske združenie, miestne akčné skupiny, Centrum environmentálnych aktivít a maloobchodné reťazce. "Značka kvality SK" ako najznámejšia značka slovenských potravín uznávanou slovenskými spotrebiteľmi. 
610 2 0 |a značky výrobkov 
610 2 0 |a regióny 
610 2 0 |a podpora predaja 
610 2 0 |a potraviny 
610 2 0 |a Slovensko 
610 2 0 |a značky kvality 
610 2 0 |a reťazce obchodné 
610 2 0 |a maloobchod 
100 1 |a Jarossová, Malgorzata Agnieszka, 1978-